000 00830nam a2200205 a 4500
008 071204s2001 ||||||||||||||||| || u
020 _a1861525958
050 _aHF 5681.B2 Pen
100 _aGroves, Roger
245 1 0 _aCompany accounts: analysis, interpretation and understanding. -- 5th ed.
_cMaurice Pendlebury; Roger Groves
250 _a5th ed.
260 _aLondon
_bThomson/Gale
_c2001
300 _aviii, 288p.:ill.
350 _a0.00
650 0 _aACCOUNTING--HANDBOOKS, MANUALS, ETC
650 _aFINANCIAL STATEMENTS--GREAT BRITAIN
650 _aFINANCIAL STATEMENT--LAW AND LEGISTATION--GREAT BRITAIN
700 _aPendlebury, Maurice
995 _D0.00
_FCBU-MAIN LIBRARY (Kitwe)
_H1
_I0.00
_M1
_UAVAILABLE
_WDec 4, 2007
_ZMain Library Open Access Collection
999 _c37968
_d37968